Economic approaches to Japanese agriculture
This book introduce about farm management, method of farm management analysis, marketing and credit. Education as a backround of the agricultural development, education planning in argricultural development of Hokkaido...
Gorde:
| Formatua: | Liburua |
|---|---|
| Hizkuntza: | Undetermined |
| Argitaratua: |
Tokyo
Fuji publishing Co.
1969
|
| Gaiak: | |
| Etiketak: |
Etiketa erantsi
Etiketarik gabe, Izan zaitez lehena erregistro honi etiketa jartzen!
|
| Thư viện lưu trữ: | Trung tâm Học liệu Trường Đại học Cần Thơ |
|---|
| LEADER | 00817nam a2200205Ia 4500 | ||
|---|---|---|---|
| 001 | CTU_228746 | ||
| 008 | 210402s9999 xx 000 0 und d | ||
| 082 | |a 338.10952 | ||
| 082 | |b E19 | ||
| 245 | 0 | |a Economic approaches to Japanese agriculture | |
| 245 | 0 | |c Edited by Masanobu Kuwahara | |
| 260 | |a Tokyo | ||
| 260 | |b Fuji publishing Co. | ||
| 260 | |c 1969 | ||
| 520 | |a This book introduce about farm management, method of farm management analysis, marketing and credit. Education as a backround of the agricultural development, education planning in argricultural development of Hokkaido... | ||
| 650 | |a Nông nghiệp,Agriculture | ||
| 650 | |x Khía cạnh kinh tế,Economic aspects | ||
| 650 | |z Nhật Bản,Japan | ||
| 910 | |b dqhieu | ||
| 980 | |a Trung tâm Học liệu Trường Đại học Cần Thơ | ||